000 00408nam a22001577a 4500
003 BD-ChCU
005 20260210095550.0
008 260210b bg ||||| |||| 00| 0 ben d
040 _cBD-ChCU
082 _a323.4 TAE
100 _aTawney , R.H.
_920203
245 _aEquality , with a new intro ./
_cR . H. Tawney .
260 _aLondon :
_bAllen & Unwin .
_cC 1964
300 _a255p
942 _2ddc
_cBK
_n0
999 _c111539
_d111539